MARC

Tag First Indicator Second Indicator Subfields
LEADER 00000cam a2200000 a 4500
001 in00000028873
005 20151007054727.0
008 870410s1987 vau b 00010 eng d
020 |a 0883143682 (pbk.) 
035 |a (OCoLC)15513544 
035 |9 AAB6053AM 
040 |a XBM  |c XBM  |d m/c  |d TXA  |d UtOrBLW 
049 |a TXAM  |c [A11497607] 
050 4 |a GV361  |b .N27 1987 
110 2 |a National Association for Sport and Physical Education. 
245 1 0 |a Physical education NCATE guidelines /  |c sponsored by the National Association for Sport and Physical Education. 
264 1 |a Reston, Va. :  |b American Alliance for Health, Physical Education, Recreation, and Dance,  |c [1987] 
264 4 |c ©1987 
300 |a v, 151 pages ;  |c 28 cm. 
336 |a text  |b txt  |2 rdacontent 
337 |a unmediated  |b n  |2 rdamedia 
338 |a volume  |b nc  |2 rdacarrier 
500 |a "Includes: undergraduate and graduate standards - academy curricular suggestions"--Cover. 
504 |a Includes bibliographical references. 
650 0 |a Physical education teachers  |x Training of  |z United States  |x Standards. 
650 0 |a Teachers colleges  |z United States  |x Accreditation. 
710 2 |a National Council for Accreditation of Teacher Education. 
999 |a MARS 
999 f f |s 5e1eabd1-f292-3b07-904f-86c08cbc2b23  |i 069b3bd4-18cb-3aa2-8a75-17db7b89142f  |t 0 
952 f f |p ric  |a Texas A&M University  |b Rellis Campus  |c Joint Library Facility  |d Remote Storage  |t 0  |e GV361 .N27 1987  |h Library of Congress classification  |i unmediated -- volume  |m A14811497607 
998 f f |a GV361 .N27 1987  |t 0  |l Remote Storage